00266nam a22001097a 4500020001800000082001500018100003300033245002500066260004000091300000800131650001700139 a9788192761411 a297.82 FAL aFallahzadeh, Muhammad Husain aCommandments of Life aNew DelhibWelayat Foundationc2016 a214 aIslam- Shiah